000 00852nam a2200241 i 4500
001 169254
003 ES-MaACL
005 20240127063010.0
008 080826s2007 sp |||| | spa d
017 _aM-52.477-2006
020 _a978-84-9734-595-8
080 _a929.52 Alba, Duques de
100 1 _aSampedro Escolar, José Luis,
_d1958-
_9138335
245 1 3 _aLa Casa de Alba
_b: mil años de historia y de leyendas : del obispo don Gutierre a la duquesa Cayetana /
_cJosé Luis Sampedro Escolar.
250 _a1ª ed.
260 _aMadrid :
_bLa Esfera de los Libros,
_c2007.
300 _a461 p., [64] p. de lám. ;
_c25 cm.
504 _aBibliografía.
600 3 4 _aAlba,
_cDuques de-
_xHistoria.
_9138336
610 1 4 _aCasa de Alba-
_xHistoria.
_9138337
852 4 _aES-MaACL
_jL-29715
_9R.143036
999 _c169254
_d169254